[Event "Challenge"]
[Site "http://www.queenalice.com/game.php?id=1027937"]
[Date "2012.2.8"]
[Round "-"]
[White "Aguinaldo"]
[Black "noxemal"]
[Result "0-1"]
[WhiteElo "1737"]
[BlackElo "1828"]

1. e4 c5 2. Nf3 d6 3. Be2 Nc6 4. Bb5 Bd7 5. d3 Nf6 6. Bg5 e6 7. Nc3 h6 8. Bh4 a6
9. Bxc6 Bxc6 10. Qe2 Be7 11. e5 Nd5 12. Bxe7 Qxe7 13. exd6 Qxd6 14. Nxd5 Qxd5
15. c4 Qd6 16. O-O O-O 17. Qe5 Qxd3 18. b3 Bxf3 19. gxf3 Qxf3 20. Qg3 Qf5 21.
Kh1 Rfd8 22. Rg1 g5 23. h4 Rd3 24. Qg4 Rh3+ 0-1

[Event "Challenge"]
[Site "http://www.queenalice.com/game.php?id=1033236"]
[Date "2012.2.26"]
[Round "-"]
[White "noxemal"]
[Black "betofortaleza"]
[Result "1-0"]
[WhiteElo "1856"]
[BlackElo "1951"]

1. e4 e5 2. Nf3 d5 3. Bb5+ c6 4. Be2 dxe4 5. Nxe5 Qd4 6. f4 Bc5 7. Rf1 Nf6 8. c3
Qd8 9. d4 Bd6 10. Nd2 Nbd7 11. Qc2 Bc7 12. Nxe4 g6 13. Nxf6+ Nxf6 14. g4 Bxe5
15. fxe5 Nxg4 16. h3 Qh4+ 17. Kd1 Qxh3 18. Bf4 Bf5 19. Qd2 O-O 20. Rf3 Qg2 21.
Kc1 Nf2 22. Bd1 Nd3+ 23. Rxd3 Qd5 24. Bb3 Qd7 25. Rg3 Be4 26. Qe2 Bf5 27. Kd2
Rac8 28. Rag1 c5 29. Rh1 cxd4 30. Qh5 dxc3+ 31. Ke1 g5 32. Rxg5+ Bg6 33. Rxg6+
1-0

[Event "Challenge"]
[Site "http://www.queenalice.com/game.php?id=1033726"]
[Date "2012.2.27"]
[Round "-"]
[White "plot24"]
[Black "noxemal"]
[Result "1/2-1/2"]
[WhiteElo "1851"]
[BlackElo "1909"]

1. e4 c5 2. c3 d6 3. Bc4 Nf6 4. Qb3 e6 5. Qc2 a6 6. d4 cxd4 7. cxd4 b5 8. Bd3
Bb7 9. Nf3 Be7 10. O-O O-O 11. Bg5 h6 12. Bd2 Nc6 13. e5 Nxd4 14. Nxd4 Rc8 15.
exf6 Rxc2 16. fxe7 Qxe7 17. Bxc2 Qf6 18. Be3 Rc8 19. Nc3 b4 20. Ne4 Bxe4 21.
Bxe4 d5 22. Bd3 e5 23. Nb3 e4 24. Bd4 Qd6 25. Be2 Rc2 26. Bd1 Rc8 27. Rc1 Rxc1
28. Nxc1 a5 29. b3 f5 30. f3 Qf4 31. fxe4 Qxc1 32. exd5 Qd2 33. Bf3 Qxd4+ 34.
Rf2 Qa1+ 35. Rf1 Qd4+ 36. Kh1 g5 37. Rd1 Qb6 38. d6 Qd8 39. Bc6 Kg7 40. d7 g4
41. g3 h5 42. Re1 Qg5 43. Rd1 Qd8 44. Re1 Qg5 45. Rd1 Qd8 1/2-1/2

[Event "Challenge"]
[Site "http://www.queenalice.com/game.php?id=1033727"]
[Date "2012.2.27"]
[Round "-"]
[White "noxemal"]
[Black "plot24"]
[Result "1-0"]
[WhiteElo "1793"]
[BlackElo "1744"]

1. e4 e5 2. Nf3 Nc6 3. Bb5 a6 4. Ba4 Nf6 5. O-O b5 6. Bb3 Bc5 7. a4 b4 8. Re1
O-O 9. c3 Re8 10. d4 Bf8 11. Bg5 Na5 12. dxe5 Nxb3 13. Qxb3 1-0

[Event "Challenge"]
[Site "http://www.queenalice.com/game.php?id=1035161"]
[Date "2012.3.2"]
[Round "-"]
[White "JD"]
[Black "noxemal"]
[Result "0-1"]
[WhiteElo "1646"]
[BlackElo "1897"]

1. c4 e5 2. e3 Nc6 3. a3 Nf6 4. Nc3 d5 5. cxd5 Nxd5 6. Nxd5 Qxd5 7. a4 Bb4 8. b3
Be6 9. Rb1 O-O-O 10. Bb5 Qxg2 11. Bxc6 e4 12. Bb5 Qxh1 13. Kf1 Bh3+ 14. Ke2 Qxh2
15. Qc2 Qxg1 16. Bb2 Bg4+ 17. f3 Qg2+ 18. Ke1 Qg1+ 19. Bf1 Qg3+ 20. Kd1 Bxf3+
21. Kc1 Qe1+ 22. Qd1 Qxd1# 0-1

[Event "Challenge"]
[Site "http://www.queenalice.com/game.php?id=1039625"]
[Date "2012.3.16"]
[Round "-"]
[White "noxemal"]
[Black "AlekinePb"]
[Result "1-0"]
[WhiteElo "1931"]
[BlackElo "1874"]

1. e4 e6 2. Nf3 d5 3. exd5 exd5 4. d4 Nf6 5. Bg5 Be7 6. Nc3 c6 7. a3 O-O 8. Bd3
h6 9. Bh4 Bg4 10. O-O Nbd7 11. Re1 Re8 12. h3 Be6 13. Ne2 Qc7 14. Bg3 Bd6 15. c4
dxc4 16. Bxd6 Qxd6 17. Bc2 b5 18. b4 a5 19. bxa5 Rxa5 20. a4 b4 21. Qd2 Rea8 22.
Red1 Nb6 23. Ne5 Nxa4 24. Qe1 Nb2 25. Rxa5 Rxa5 26. Rb1 c3 27. Nxc3 bxc3 28.
Qxc3 Rb5 29. Ra1 c5 30. Ra8+ Rb8 31. dxc5 Rxa8 32. cxd6 1-0

[Event "Challenge"]
[Site "http://www.queenalice.com/game.php?id=1042508"]
[Date "2012.3.25"]
[Round "-"]
[White "noxemal"]
[Black "AlekinePb"]
[Result "1-0"]
[WhiteElo "1977"]
[BlackElo "1863"]

1. e4 e6 2. Nf3 d5 3. e5 c5 4. c3 Nc6 5. d4 Qb6 6. Bf4 Qxb2 7. Nbd2 Qxc3 8. Rc1
Qa5 9. Be2 cxd4 10. O-O Nge7 11. Nb3 Qb4 12. Nfxd4 Nxd4 13. Nxd4 Bd7 14. Rb1 Qa4
15. Qxa4 Bxa4 16. Rxb7 Nc6 17. Nxc6 Bxc6 18. Rc7 Be7 19. Rxc6 O-O 20. Rc7 Bd8
21. Rc2 Bb6 22. Rfc1 h6 23. h4 Rfd8 24. Ba6 d4 25. Kf1 d3 26. Rd2 Rd4 27. g3
Rad8 28. Rcd1 Ba5 29. Rxd3 Bb6 30. Ke2 Rxd3 31. Rxd3 Rxd3 32. Bxd3 Kf8 33. a4
Ke8 34. Be3 Bxe3 35. Kxe3 Kd7 36. Bb5+ Kc7 37. h5 Kb6 38. Be8 f6 39. exf6 gxf6
40. f4 Kc5 41. Ke4 a5 42. Bb5 Kd6 43. g4 Ke7 44. Bc4 Kd6 45. g5 fxg5 46. fxg5
1-0

[Event "Challenge"]
[Site "http://www.queenalice.com/game.php?id=1043249"]
[Date "2012.3.27"]
[Round "-"]
[White "noxemal"]
[Black "AlekinePb"]
[Result "1-0"]
[WhiteElo "1953"]
[BlackElo "1874"]

1. e4 c6 2. d4 d5 3. e5 e6 4. c4 Bb4+ 5. Bd2 Qa5 6. cxd5 cxd5 7. a3 Bxd2+ 8.
Qxd2 Qb6 9. Nf3 Ne7 10. b4 a5 11. b5 O-O 12. a4 Bd7 13. Be2 Nf5 14. O-O f6 15.
exf6 gxf6 16. Bd3 Ng7 17. Nc3 Be8 18. Qh6 f5 19. Nxd5 exd5 20. Qxb6 1-0

[Event "Challenge"]
[Site "http://www.queenalice.com/game.php?id=1043520"]
[Date "2012.3.28"]
[Round "-"]
[White "betofortaleza"]
[Black "noxemal"]
[Result "0-1"]
[WhiteElo "1905"]
[BlackElo "1904"]

1. e4 c5 2. Bc4 e6 3. d3 d5 4. exd5 exd5 5. Bb5+ Bd7 6. Qe2+ Be7 7. Bxd7+ Qxd7
8. Nf3 Nf6 9. Bf4 O-O 10. O-O Nc6 11. Ne5 Nxe5 12. Bxe5 Rfe8 13. Bxf6 Bxf6 14.
Qf3 Rad8 15. Nd2 Qb5 16. Nb3 c4 17. dxc4 dxc4 18. Rab1 cxb3 19. Qxb3 Qxb3 20.
axb3 Re2 21. c3 Rdd2 22. Rfe1 Rxe1+ 23. Rxe1 Kf8 24. Rb1 a5 25. g4 Be7 26. c4
Bf6 27. b4 axb4 28. b3 Bd4 29. Rf1 Rb2 0-1

[Event "Challenge"]
[Site "http://www.queenalice.com/game.php?id=1050891"]
[Date "2012.4.20"]
[Round "-"]
[White "odone"]
[Black "noxemal"]
[Result "1-0"]
[WhiteElo "1951"]
[BlackElo "1971"]

1. d4 f5 2. Nf3 d6 3. c4 Nf6 4. Nc3 e6 5. Bg5 Nbd7 6. e4 fxe4 7. Nxe4 Be7 8. Bd3
O-O 9. O-O Nxe4 10. Bxe7 Qxe7 11. Bxe4 Nf6 12. Bd3 b6 13. Re1 g6 14. h3 Bb7 15.
d5 e5 16. Nd4 Bc8 17. Nc6 Qf7 18. Qf3 Bd7 19. Qe3 Bxc6 20. dxc6 Nh5 21. c5 bxc5
22. Rac1 Qxa2 23. Bc4+ 1-0

[Event "Challenge"]
[Site "http://www.queenalice.com/game.php?id=1057778"]
[Date "2012.5.9"]
[Round "-"]
[White "jujuju"]
[Black "noxemal"]
[Result "0-1"]
[WhiteElo "2096"]
[BlackElo "1948"]

1. d4 d5 2. c4 e6 3. g3 Nf6 4. Nc3 Bb4 5. cxd5 Nxd5 6. Bd2 Nc6 7. Nf3 O-O 8. e4
Nb6 9. Bf4 Qe7 10. Bb5 e5 11. Nxe5 Bxc3+ 12. bxc3 Nxe5 13. dxe5 Rd8 14. Qh5 Qc5
15. Rb1 Qxc3+ 16. Kf1 Qc2 17. Re1 c6 18. Qe2 Qc3 19. Rc1 Qa3 20. Bc4 Bh3+ 21.
Kg1 Nxc4 22. Rxc4 Qd3 23. Qxd3 Rxd3 24. Rc1 Rad8 25. f3 Rxf3 0-1

[Event "Challenge"]
[Site "http://www.queenalice.com/game.php?id=1072750"]
[Date "2012.6.16"]
[Round "-"]
[White "jujuju"]
[Black "noxemal"]
[Result "0-1"]
[WhiteElo "2207"]
[BlackElo "1991"]

1. d4 d5 2. c4 e6 3. Nf3 Nf6 4. Nc3 c5 5. cxd5 Nxd5 6. Bg5 Qa5 7. Bd2 cxd4 8.
Nxd4 Bb4 9. Nb3 Qb6 10. e4 Nxc3 11. bxc3 Be7 12. Bc4 O-O 13. O-O Nc6 14. Be3 Qc7
15. Re1 Ne5 16. Bf4 Qxc4 17. Bxe5 Rd8 18. Nd2 Qb5 19. Bc7 Rd3 20. Qc2 Rd7 21.
Bf4 e5 22. a4 Qd3 23. Qxd3 Rxd3 24. Be3 Rxc3 25. Rec1 Rxc1+ 26. Rxc1 h6 27. f4
exf4 28. Bxf4 b6 29. e5 Bc5+ 30. Kh1 g5 31. Bg3 Be3 32. Rc2 Bf5 0-1

[Event "Challenge"]
[Site "http://www.queenalice.com/game.php?id=1082796"]
[Date "2012.7.15"]
[Round "-"]
[White "EdoVillarroel"]
[Black "noxemal"]
[Result "0-1"]
[WhiteElo "2063"]
[BlackElo "2040"]

1. e4 e5 2. Nf3 Nc6 3. d4 exd4 4. Nxd4 Nxd4 5. Qxd4 Qf6 6. e5 Qb6 7. Qxb6 axb6
8. Nc3 Bb4 9. Bd2 f6 10. exf6 Nxf6 11. Bc4 d6 12. O-O Bf5 13. Rfe1+ Kd7 14. Bb3
Bc5 15. Nd5 Nxd5 16. Bxd5 c6 17. Bf3 Rhe8 18. b4 Rxe1+ 19. Rxe1 Bd4 20. c3 Bf6
21. g4 Rxa2 22. Be3 Bxc3 23. Re2 Ra1+ 24. Kg2 Bd3 0-1

[Event "Challenge"]
[Site "http://www.queenalice.com/game.php?id=1082802"]
[Date "2012.7.15"]
[Round "-"]
[White "noxemal"]
[Black "EdoVillarroel"]
[Result "1-0"]
[WhiteElo "2021"]
[BlackElo "2072"]

1. d4 e6 2. e4 d5 3. Nc3 Nf6 4. e5 Nfd7 5. Nf3 c5 6. Be3 Nc6 7. dxc5 Bxc5 8.
Bxc5 Nxc5 9. Bb5 Bd7 10. O-O O-O 11. Bxc6 Bxc6 12. Nd4 Rc8 13. Nxc6 Rxc6 14. Qg4
f6 15. exf6 Qxf6 16. Rad1 a6 17. f4 b5 18. f5 Qh6 19. Rde1 b4 20. Qxb4 exf5 21.
Nxd5 1-0

[Event "The after day"]
[Site "http://www.queenalice.com/game.php?id=1098657"]
[Date "2012.9.1"]
[Round "-"]
[White "noxemal"]
[Black "sapobrasileiro"]
[Result "1-0"]
[WhiteElo "2059"]
[BlackElo "1668"]

1. d4 d5 2. c4 c6 3. Bf4 dxc4 4. e4 e6 5. Nc3 b5 6. Nf3 Nd7 7. a4 Qb6 8. axb5
cxb5 9. Be2 f6 10. Be3 a5 11. d5 Qd6 12. O-O Nb8 13. Nxb5 Qd7 14. Qa4 Kf7 15.
dxe6+ Kxe6 16. Bxc4+ Ke7 17. Rfd1 Qc6 18. Qa3+ Ke8 19. Rd8+ Kxd8 20. Qxf8+ Qe8
21. Bb6+ 1-0

[Event "The after day 2"]
[Site "http://www.queenalice.com/game.php?id=1098658"]
[Date "2012.9.1"]
[Round "-"]
[White "sapobrasileiro"]
[Black "noxemal"]
[Result "0-1"]
[WhiteElo "1627"]
[BlackElo "2059"]

1. e4 c5 2. h4 Nc6 3. a3 Nf6 4. f3 e6 5. b3 d5 6. d3 dxe4 7. fxe4 Bd6 8. Qf3 Nd4
9. Qd1 Bg3+ 10. Kd2 e5 11. Bb2 Ng4 12. Nf3 Nf2 13. Qc1 Nxe4+ 14. Ke3 Bf4+ 15.
Kxe4 Bf5# 0-1

[Event "Challenge"]
[Site "http://www.queenalice.com/game.php?id=1103033"]
[Date "2012.9.15"]
[Round "-"]
[White "noxemal"]
[Black "eddval"]
[Result "1-0"]
[WhiteElo "2060"]
[BlackElo "2177"]

1. e4 d5 2. exd5 Qxd5 3. Nc3 Qa5 4. d4 Nf6 5. Nf3 Bg4 6. Bc4 e6 7. h3 Bh5 8. Bd2
c6 9. Qe2 Be7 10. g4 Bg6 11. d5 cxd5 12. Nxd5 Qd8 13. Nf4 O-O 14. O-O-O Qc7 15.
Nd4 Rc8 16. Bb3 a6 17. Kb1 Nbd7 18. Nxg6 hxg6 19. g5 Nd5 20. Nxe6 fxe6 21. Qxe6+
Kh7 22. Bxd5 Qxc2+ 23. Ka1 Qf5 24. Qxe7 1-0

[Event "Challenge"]
[Site "http://www.queenalice.com/game.php?id=1103040"]
[Date "2012.9.15"]
[Round "-"]
[White "noxemal"]
[Black "eddval"]
[Result "1-0"]
[WhiteElo "2081"]
[BlackElo "2181"]

1. d4 Nf6 2. c4 e6 3. Nf3 Bb4+ 4. Nc3 O-O 5. e3 b6 6. Bd3 Bb7 7. O-O Bxc3 8.
bxc3 d6 9. Nd2 e5 10. e4 Nbd7 11. Nb3 Bxe4 12. Bxe4 Nxe4 13. Qf3 f5 14. Qd3 h6
15. f3 Ng5 16. Bxg5 Qxg5 17. dxe5 Nxe5 18. Qd5+ Nf7 19. f4 Qf6 20. Nd4 g6 21.
Qc6 Rac8 22. Rae1 a5 23. Re6 Qg7 24. Re7 Qf6 25. Rfe1 Ne5 26. Qd5+ Kh8 27. Re6
Qh4 28. g3 c6 29. Nxc6 1-0

[Event "Challenge"]
[Site "http://www.queenalice.com/game.php?id=1115522"]
[Date "2012.10.23"]
[Round "-"]
[White "noxemal"]
[Black "Elafsson"]
[Result "1-0"]
[WhiteElo "2143"]
[BlackElo "2055"]

1. d4 c5 2. d5 d6 3. c4 Na6 4. Nf3 Nc7 5. Nc3 g6 6. h3 Bg7 7. e4 Nf6 8. Bd3 O-O
9. Bg5 h6 10. Be3 a6 11. Qd2 Kh7 12. O-O Bd7 13. e5 Ng8 14. Rae1 b5 15. b3 b4
16. Ne4 Bf5 17. Bf4 Ne8 18. g4 Bxe4 19. Bxe4 a5 20. Bc2 Ra7 21. Qd3 dxe5 22.
Nxe5 Nd6 23. Nc6 1-0

[Event "Challenge"]
[Site "http://www.queenalice.com/game.php?id=1115555"]
[Date "2012.10.24"]
[Round "-"]
[White "noxemal"]
[Black "atom"]
[Result "1-0"]
[WhiteElo "2101"]
[BlackElo "2187"]

1. d4 f5 2. Bg5 g6 3. Nc3 Bg7 4. e3 Nf6 5. Nge2 O-O 6. Nf4 c6 7. h4 d5 8. h5 Kf7
9. hxg6+ hxg6 10. Bxf6 Kxf6 11. g4 Rh8 12. Rxh8 Qxh8 13. Qf3 e6 14. gxf5 gxf5
15. O-O-O Bh6 16. Qh3 Bd7 17. Be2 Bg7 18. Bh5 Qh6 19. Rg1 Ke7 20. Rg6 Qh7 21.
Qh4+ Kd6 22. Qd8 1-0

[Event "Challenge"]
[Site "http://www.queenalice.com/game.php?id=1117438"]
[Date "2012.10.30"]
[Round "-"]
[White "eddval"]
[Black "noxemal"]
[Result "0-1"]
[WhiteElo "2192"]
[BlackElo "2116"]

1. e4 c5 2. Nf3 d6 3. d4 cxd4 4. Nxd4 Nf6 5. Nc3 a6 6. Bg5 e6 7. Qd2 h6 8. Bxf6
Qxf6 9. O-O-O Nc6 10. g3 Qxd4 11. Qxd4 Nxd4 12. Rxd4 Rb8 13. Bg2 b5 14. a3 Be7
15. Rhd1 O-O 16. f4 Bb7 17. Kb1 Rfc8 18. R1d2 Ba8 19. Nd1 g6 20. Ne3 Kg7 21. c3
h5 22. h4 a5 23. Bh3 Bf6 24. Rxd6 Bxe4+ 25. Ka2 b4 26. cxb4 axb4 27. b3 Rc3 28.
Nc4 Rxc4 29. bxc4 b3# 0-1

[Event "Challenge"]
[Site "http://www.queenalice.com/game.php?id=1120303"]
[Date "2012.11.8"]
[Round "-"]
[White "eddval"]
[Black "noxemal"]
[Result "0-1"]
[WhiteElo "2161"]
[BlackElo "2130"]

1. e4 c5 2. c4 g6 3. Ne2 Bg7 4. d4 Nf6 5. Nbc3 O-O 6. d5 d6 7. g3 b5 8. cxb5 a6
9. Bg2 axb5 10. Nxb5 Ba6 11. Nbc3 Nbd7 12. O-O Ne5 13. f4 Nd3 14. Rf3 c4 15. Rb1
Ng4 16. Be3 Rb8 17. Qa4 Nxe3 18. Rxe3 Qb6 19. Nd1 f6 20. Bf1 f5 21. b3 Bb5 22.
bxc4 Qxe3+ 23. Nxe3 Bxa4 24. Rxb8 Rxb8 25. exf5 Rb2 0-1

[Event "Challenge"]
[Site "http://www.queenalice.com/game.php?id=1135321"]
[Date "2012.12.29"]
[Round "-"]
[White "antoniotupan"]
[Black "noxemal"]
[Result "1-0"]
[WhiteElo "2164"]
[BlackElo "2152"]

1. d4 d5 2. Nf3 Bf5 3. g3 Nf6 4. Nc3 e6 5. Nh4 Bg4 6. Bg2 c5 7. Be3 cxd4 8. Qxd4
Nc6 9. Qd3 Rc8 10. h3 Bh5 11. Qb5 a6 12. Qxb7 Nb4 13. O-O Rc7 14. Qb6 Nxc2 15.
Qxa6 Nxa1 16. Rxa1 Rc4 17. g4 Bg6 18. Nxg6 hxg6 19. a4 Be7 20. Qb5+ Nd7 21. Nxd5
exd5 22. Qxd5 Qc8 23. a5 Qa6 24. Rd1 O-O 25. Qxd7 Rd8 26. Qxd8+ Bxd8 27. Rxd8+
Kh7 28. Ra8 Qb5 29. a6 Ra4 30. Bb7 f5 31. Rd8 fxg4 32. Rd4 Ra1+ 33. Kh2 Qe5+ 34.
Kg2 gxh3+ 35. Kxh3 Qb5 36. Bd5 g5 37. Bc4 Qe8 38. Bd3+ Kg8 39. Bc4+ Kh8 40. Kg4
Rg1+ 41. Kf5 Kh7 42. Rd6 Qc8+ 43. Be6 1-0